Estudios y discursos de crítica histórica y literaria; tomo 6 /
Guardado en:
| Autor Principal: | |
|---|---|
| Formato: | Libro |
| Publicado: |
Santander :
Aldus,
1941
|
| Materias: | |
| Etiquetas: |
Agregar Etiqueta
Sin Etiquetas, Sea el primero en etiquetar este registro!
|
| LEADER | 00590nam a22001935a 4500 | ||
|---|---|---|---|
| 001 | CEM.cems004321 | ||
| 005 | 20060216000000.0 | ||
| 008 | 130507s1941##################000#0#####d | ||
| 003 | CEMS | ||
| 082 | 0 | 4 | |a 808 |
| 100 | 1 | |a Menéndez y Pelayo, Marcelino | |
| 245 | 1 | 0 | |a Estudios y discursos de crítica histórica y literaria; tomo 6 / |
| 260 | |a Santander : |b Aldus, |c 1941 | ||
| 300 | |a 444 p. | ||
| 505 | 0 | |a Estudio sobre escritores monta¤eses. | |
| 653 | |a Critica histórica | ||
| 653 | |a Critica literaria | ||
| 653 | |a Literatura | ||
| 859 | |a CEMS |b BIB. CEMS - 11 de abril |h 808 |i M524/VI |p 9774.81 |t Ej.1 | ||
